[Event "4NCL/Div3/HKFC vs. MIN"]
[Site "Birmingham ENG"]
[Date "2006.01.14"]
[Round "5.8"]
[White "McFarland, Susan"]
[Black "Dale, Hannah"]
[Result "0-1"]
[WhiteElo "1715"]
[BlackElo "1835"]
[PlyCount "94"]
[EventDate "2006.01.14"]
[EventType "team"]
[EventRounds "11"]
[EventCountry "ENG"]
[SourceDate "2005.10.25"]

1. g3 e5 2. Bg2 d5 3. d3 Nf6 4. Nf3 Nc6 5. O-O Be7 6. a3 O-O 7. Nbd2 Be6 8. b3
Qd7 9. Bb2 Bd6 10. c4 Rad8 11. Qc2 b6 12. b4 d4 13. Rad1 Bh3 14. Rfe1 Bxg2 15.
Kxg2 Rfe8 16. Ng5 a5 17. b5 Ne7 18. Nge4 Nxe4 19. Nxe4 c5 20. Bc1 Ng6 21. e3
Qb7 22. Kg1 f5 23. Nxd6 {=} Rxd6 24. e4 f4 25. Qe2 Ree6 26. Rf1 Qe7 27. f3 Qf7
28. Rf2 Ne7 29. Rg2 Rg6 30. Rf1 Rh6 31. Bd2 Rh3 32. Be1 Rdh6 33. g4 g5 34. a4 {
=} Rf6 35. Rgf2 h5 36. Kg2 hxg4 37. fxg4 Rfh6 38. Kh1 Qh7 39. Qd2 Ng6 40. Rg2
Kg7 41. Kg1 Nh4 42. Bxh4 R6xh4 43. Rff2 Kg6 44. Qe2 Re3 45. Qf1 Rhh3 46. Rg3
Rexg3+ 47. hxg3 Rh1+ 0-1

[Event "4NCL/Div3/SWD2 vs. KHE"]
[Site "Birmingham ENG"]
[Date "2006.01.14"]
[Round "5.1"]
[White "Spice, Alan"]
[Black "McMichael, Richard"]
[Result "1-0"]
[WhiteElo "2216"]
[BlackElo "2272"]
[PlyCount "49"]
[EventDate "2006.01.14"]
[EventType "team"]
[EventRounds "11"]
[EventCountry "ENG"]
[SourceDate "2005.10.25"]

1. Nc3 e6 2. e4 c5 3. Nf3 Nc6 4. d4 cxd4 5. Nxd4 Nf6 6. Nxc6 bxc6 7. e5 Nd5 8.
Ne4 Qc7 9. f4 Qb6 10. c4 Ne3 11. Qd3 Bb4+ 12. Bd2 Ba6 13. b3 d5 14. exd6 O-O-O
15. Bxb4 Qxb4+ 16. Kf2 Nxf1 17. Rhxf1 f5 18. Qc3 Qa3 19. Qxg7 Kb8 20. Ng5 Rhg8
21. Qe5 Bb7 22. Nxe6 Rd7 23. Nc5 Rdg7 24. g3 Ka8 25. d7 1-0

[Event "4NCL/Div3/SWD2 vs. KHE"]
[Site "Birmingham ENG"]
[Date "2006.01.14"]
[Round "5.2"]
[White "Khantuev, Alexander"]
[Black "Kett, Timothy"]
[Result "1-0"]
[WhiteElo "2302"]
[BlackElo "2195"]
[PlyCount "49"]
[EventDate "2006.01.14"]
[EventType "team"]
[EventRounds "11"]
[EventCountry "ENG"]
[SourceDate "2005.10.25"]

1. e4 d5 2. Nc3 dxe4 3. Nxe4 Nd7 4. Bc4 e6 5. d4 Ngf6 6. Ng5 Nb6 7. Bb5+ c6 8.
Be2 h6 9. N5h3 c5 10. dxc5 Qxd1+ 11. Bxd1 Bxc5 12. Nf3 Nbd5 13. O-O b6 14. c4
Ne7 15. Ne5 Bb7 16. Ba4+ Kf8 17. Rd1 g5 18. b3 Nf5 19. Bb2 Rg8 20. Nd7+ Nxd7
21. Rxd7 Rb8 22. Be5 Nh4 23. Bxb8 Bxg2 24. Be5 Bxh3 25. Bf6 1-0

[Event "4NCL/Div3/SWD2 vs. KHE"]
[Site "Birmingham ENG"]
[Date "2006.01.14"]
[Round "5.3"]
[White "Trevelyan, John"]
[Black "Ruecker, Benjamin"]
[Result "1-0"]
[WhiteElo "2190"]
[BlackElo "2229"]
[PlyCount "101"]
[EventDate "2006.01.14"]
[EventType "team"]
[EventRounds "11"]
[EventCountry "ENG"]
[SourceDate "2005.10.25"]

1. d4 Nf6 2. c4 g6 3. Nc3 Bg7 4. e4 O-O 5. Be2 d6 6. Nf3 e5 7. dxe5 dxe5 8.
Qxd8 Rxd8 9. Bg5 Re8 10. Nd5 Nxd5 11. cxd5 c6 12. Bc4 cxd5 13. Bxd5 Nd7 14. Nd2
Nc5 15. Ke2 Ne6 16. Be3 Nf4+ 17. Bxf4 exf4 18. Rab1 Be6 19. Bxe6 Rxe6 20. Rhc1
Rd8 21. f3 b5 22. b3 Bd4 23. Rc2 Kg7 24. Rd1 Bb6 25. Nb1 f5 26. Rxd8 Bxd8 27.
Rd2 Be7 28. Nc3 b4 29. Nd5 fxe4 30. Nxf4 exf3+ 31. Kxf3 Rd6 32. Rxd6 Bxd6 33.
h3 Kf6 34. Ke4 Kg5 35. Ne2 h5 36. Kd5 Bf8 37. Ke6 h4 38. Ke5 Bc5 39. Nc1 Be7
40. Nd3 Bf8 41. Ne1 Bg7+ 42. Ke4 Kf6 43. Nf3 g5 44. Ne5 a6 45. Nd7+ Ke6 46.
Nc5+ Kd6 47. Nxa6 Bc3 48. Kd3 Be1 49. Kc4 Ke5 50. Nxb4 Bd2 51. Nd5 1-0

[Event "4NCL/Div3/SWD2 vs. KHE"]
[Site "Birmingham ENG"]
[Date "2006.01.14"]
[Round "5.4"]
[White "Thomas, Richard H"]
[Black "May, Frank"]
[Result "1/2-1/2"]
[WhiteElo "2219"]
[BlackElo "2145"]
[PlyCount "74"]
[EventDate "2006.01.14"]
[EventType "team"]
[EventRounds "11"]
[EventCountry "ENG"]
[SourceDate "2005.10.25"]

1. d4 d5 2. c4 Nc6 3. Nf3 Bg4 4. Nc3 Nf6 5. Bf4 e6 6. e3 Bb4 7. a3 Bxc3+ 8.
bxc3 O-O 9. h3 Bh5 10. Be2 Ne4 11. Qc2 Bg6 12. Bd3 Nd6 13. Bxg6 hxg6 14. cxd5
exd5 15. Qb3 Ne7 16. O-O b6 17. Rfd1 Nc4 18. a4 Nc6 19. Ra2 Re8 20. Re2 N6a5
21. Qa2 Qd7 22. Rde1 Qc6 23. Qc2 Nb7 24. Ne5 Nxe5 25. Bxe5 Nd6 26. f3 Re6 27.
e4 Rae8 28. Bxd6 cxd6 29. Kh2 a6 30. exd5 Qxd5 31. Rxe6 Rxe6 32. Rxe6 Qxe6 33.
Qd3 a5 34. Qb5 d5 35. g4 g5 36. Kg2 Kf8 37. Kf2 Qd6 1/2-1/2

[Event "4NCL/Div3/SWD2 vs. KHE"]
[Site "Birmingham ENG"]
[Date "2006.01.14"]
[Round "5.5"]
[White "Brown, Alan M"]
[Black "Lewis, Alex"]
[Result "1/2-1/2"]
[WhiteElo "2121"]
[BlackElo "2145"]
[PlyCount "112"]
[EventDate "2006.01.14"]
[EventType "team"]
[EventRounds "11"]
[EventCountry "ENG"]
[SourceDate "2005.10.25"]

1. d4 Nf6 2. c4 g6 3. Nc3 Bg7 4. e4 d6 5. Be2 O-O 6. Bg5 c5 7. d5 b5 8. cxb5 a6
9. bxa6 Bxa6 10. Nf3 Qb6 11. Rb1 Nbd7 12. O-O h6 13. Bd2 Rfb8 14. h3 Kh7 15.
Be3 Qb4 16. a3 Qa5 17. Nd2 Rb7 18. Bxa6 Qxa6 19. Qc2 Ne5 20. Rfd1 Nc4 21. Nxc4
Qxc4 22. Qd3 Qxd3 23. Rxd3 Rab8 24. Rd2 Rb3 25. Rc2 Nd7 26. Bd2 Ne5 27. a4 Nc4
28. Nb5 Rxb2 29. Rcxb2 Bxb2 30. Bc3 Bxc3 31. Nxc3 Rxb1+ 32. Nxb1 Kg7 33. Kf1
Kf6 34. f4 g5 35. g3 gxf4 36. gxf4 e6 37. Nc3 e5 38. f5 Kg5 39. Kg2 Kf4 40. Kf2
h5 41. Ke2 Kg3 42. Nb5 Kxh3 43. Nxd6 Nxd6 44. a5 Nxe4 45. Ke3 c4 46. Kxe4 c3
47. Kd3 Kg3 48. d6 e4+ 49. Kxc3 e3 50. d7 e2 51. d8=Q e1=Q+ 52. Qd2 Qe5+ 53.
Kc2 h4 54. Qd3+ Kg2 55. Qd2+ Kg3 56. Qd3+ Kg2 1/2-1/2

[Event "4NCL/Div3/SWD2 vs. KHE"]
[Site "Birmingham ENG"]
[Date "2006.01.14"]
[Round "5.6"]
[White "Mackenzie, Colin"]
[Black "Sully, David"]
[Result "0-1"]
[WhiteElo "2144"]
[BlackElo "2148"]
[PlyCount "58"]
[EventDate "2006.01.14"]
[EventType "team"]
[EventRounds "11"]
[EventCountry "ENG"]
[SourceDate "2005.10.25"]

1. Nf3 e6 2. c4 b6 3. g3 Bb7 4. Bg2 f5 5. d3 Nf6 6. O-O Be7 7. Nc3 O-O 8. a3 a5
9. Rb1 Na6 10. Bd2 Qe8 11. Nb5 Qh5 12. Bc3 d6 13. Nbd4 e5 14. Ne6 Rfe8 15. c5
Bd5 16. cxd6 Bxd6 17. Nfg5 Bxg2 18. Kxg2 h6 19. Qb3 Kh8 20. h4 hxg5 21. Nxg5
Re7 22. d4 exd4 23. Bxd4 Nc5 24. Bxc5 Bxc5 25. e3 Rf8 26. Qc4 Qg4 27. Qd3 Ne4
28. Nh3 Nxg3 29. fxg3 Rxe3 0-1

[Event "4NCL/Div3/SWD2 vs. KHE"]
[Site "Birmingham ENG"]
[Date "2006.01.14"]
[Round "5.7"]
[White "van Kemenade, Rudy"]
[Black "Okike, David C"]
[Result "0-1"]
[WhiteElo "2068"]
[BlackElo "2158"]
[PlyCount "72"]
[EventDate "2006.01.14"]
[EventType "team"]
[EventRounds "11"]
[EventCountry "ENG"]
[SourceDate "2005.10.25"]

1. e4 e6 2. d4 d5 3. Nc3 Nf6 4. e5 Nfd7 5. f4 c5 6. dxc5 Bxc5 7. Qg4 g6 8. Nf3
Nc6 9. a3 a6 10. Bd3 b5 11. h4 h5 12. Qh3 Qb6 13. Bd2 Bf2+ 14. Ke2 Bc5 15. Rae1
Nd4+ 16. Kd1 Nf5 17. Bxf5 gxf5 18. b4 Be7 19. Be3 Qc6 20. Bd4 a5 21. Kd2 axb4
22. axb4 Bxb4 23. Rb1 Ba5 24. Ng5 b4 25. Nd1 Nc5 26. Qe3 Ne4+ 27. Nxe4 dxe4 28.
Bc5 Rg8 29. Rg1 Ba6 30. Bxb4 Bb6 31. Qe1 Bxg1 32. Qxg1 Qc4 33. Ne3 Qe2+ 34. Kc1
Rc8 35. Rb2 Rg3 36. Bd2 Rd8 0-1

[Event "4NCL/Div3/SWD2 vs. KHE"]
[Site "Birmingham ENG"]
[Date "2006.01.14"]
[Round "5.8"]
[White "Hale, Katie L W"]
[Black "Wilson, Julie"]
[Result "0-1"]
[WhiteElo "1805"]
[BlackElo "1945"]
[PlyCount "64"]
[EventDate "2006.01.14"]
[EventType "team"]
[EventRounds "11"]
[EventCountry "ENG"]
[SourceDate "2005.10.25"]

1. e4 e6 2. d4 d5 3. e5 c5 4. c3 Nc6 5. Nf3 Bd7 6. Bd3 cxd4 7. cxd4 Nb4 8. Be2
Ne7 9. Nc3 Nf5 10. O-O Be7 11. a3 Nc6 12. b4 Rc8 13. Bb2 O-O 14. Rc1 f6 15. Re1
fxe5 16. dxe5 Qe8 17. Nb5 Nxe5 18. Nxa7 Nxf3+ 19. Bxf3 Ra8 20. Bxd5 Rxa7 21.
Bxe6+ Bxe6 22. Rxe6 Qf7 23. Qe2 b5 24. Re5 Nd6 25. Bd4 Rd7 26. Bc5 Bf6 27. Bxd6
Rxd6 28. Rxb5 Bd4 29. h3 Bxf2+ 30. Kh1 Rf6 31. Qc4 Qxc4 32. Rxc4 Bg3 0-1

[Event "4NCL/Div3/FCA1 vs. SLOS3"]
[Site "Birmingham ENG"]
[Date "2006.01.14"]
[Round "5.1"]
[White "Hetey, Laszlo"]
[Black "Foster, James J"]
[Result "1-0"]
[WhiteElo "2322"]
[BlackElo "2068"]
[PlyCount "67"]
[EventDate "2006.01.14"]
[EventType "team"]
[EventRounds "11"]
[EventCountry "ENG"]
[SourceDate "2005.10.25"]

1. d4 d5 2. Nf3 Bf5 3. g3 e6 4. Bg2 c6 5. O-O Nf6 6. Nh4 Bg6 7. Nxg6 hxg6 8.
Nd2 Bd6 9. c4 Nbd7 10. e4 dxe4 11. Nxe4 Nxe4 12. Bxe4 Nf6 13. Bg2 Qd7 14. Rb1
O-O 15. b4 a6 16. a4 Rad8 17. Be3 b5 18. Bg5 Be7 19. Qe2 Qxd4 20. Bxc6 bxc4 21.
Rfc1 Qd3 22. Qc2 Rd6 23. Qxc4 Qxc4 24. Rxc4 Nd5 25. Bd2 Nb6 26. Rc2 Rc8 27.
Rbc1 Nc4 28. Bf3 Rxd2 29. Rxd2 Bg5 30. Rdc2 Bxc1 31. Rxc1 Nb6 32. Rxc8+ Nxc8
33. Bb7 Nb6 34. a5 1-0

[Event "4NCL/Div3/FCA1 vs. SLOS3"]
[Site "Birmingham ENG"]
[Date "2006.01.14"]
[Round "5.2"]
[White "Purton, Ben J"]
[Black "Macdonald-Ross, Michael"]
[Result "1/2-1/2"]
[WhiteElo "2107"]
[BlackElo "2207"]
[PlyCount "33"]
[EventDate "2006.01.14"]
[EventType "team"]
[EventRounds "11"]
[EventCountry "ENG"]
[SourceDate "2005.10.25"]

1. e4 c6 2. d4 d5 3. exd5 cxd5 4. c4 Nf6 5. Nc3 e6 6. Nf3 Bb4 7. Bd3 dxc4 8.
Bxc4 O-O 9. O-O Nbd7 10. Bg5 Bxc3 11. bxc3 Qc7 12. Qd3 b6 13. Rac1 Bb7 14. Rfe1
h6 15. Bxf6 Nxf6 16. Ne5 Bd5 17. Bb3 1/2-1/2

[Event "4NCL/Div3/FCA1 vs. SLOS3"]
[Site "Birmingham ENG"]
[Date "2006.01.14"]
[Round "5.3"]
[White "Smith, Graham"]
[Black "Duggan, Michael"]
[Result "0-1"]
[WhiteElo "2138"]
[BlackElo "2082"]
[PlyCount "60"]
[EventDate "2006.01.14"]
[EventType "team"]
[EventRounds "11"]
[EventCountry "ENG"]
[SourceDate "2005.10.25"]

1. e4 c5 2. Nc3 Nc6 3. f4 d6 4. Nf3 g6 5. g3 Bg7 6. Bg2 Rb8 7. O-O b5 8. d3 b4
9. Ne2 Nf6 10. h3 O-O 11. g4 a5 12. Qe1 Ba6 13. Be3 a4 14. Rd1 Qc7 15. Qh4 Nxe4
16. f5 Nf6 17. Bh6 Bb7 18. Ng5 Ne5 19. Nf4 Qd7 20. fxg6 hxg6 21. Bxg7 Kxg7 22.
Nfe6+ fxe6 23. Rxf6 Rh8 24. Nxe6+ Kg8 25. Nf8 Rxh4 26. Nxd7 Nxd7 27. Rxg6+ Kf7
28. Rg5 Bxg2 29. Kxg2 e6 30. d4 Kf6 0-1

[Event "4NCL/Div3/FCA1 vs. SLOS3"]
[Site "Birmingham ENG"]
[Date "2006.01.14"]
[Round "5.4"]
[White "Roberson, Peter T"]
[Black "Constantinou, Peter"]
[Result "1/2-1/2"]
[WhiteElo "2135"]
[BlackElo "2137"]
[PlyCount "31"]
[EventDate "2006.01.14"]
[EventType "team"]
[EventRounds "11"]
[EventCountry "ENG"]
[SourceDate "2005.10.25"]

1. e4 g6 2. d4 d6 3. Nc3 c6 4. Be3 Bg7 5. h3 Nd7 6. Nf3 Ngf6 7. Bd3 e5 8. dxe5
dxe5 9. O-O O-O 10. Re1 Qe7 11. Bg5 Nc5 12. Bf1 Rd8 13. Qc1 Ne6 14. Be3 Nd4 15.
Nd2 Nh5 16. Ne2 1/2-1/2

[Event "4NCL/Div3/FCA1 vs. SLOS3"]
[Site "Birmingham ENG"]
[Date "2006.01.14"]
[Round "5.5"]
[White "Fraser-Mitchell, Jeremy"]
[Black "Edgell, Ben P"]
[Result "1-0"]
[WhiteElo "2107"]
[BlackElo "2025"]
[PlyCount "123"]
[EventDate "2006.01.14"]
[EventType "team"]
[EventRounds "11"]
[EventCountry "ENG"]
[SourceDate "2005.10.25"]

1. d4 Nf6 2. c4 e6 3. Nc3 Bb4 4. f3 d5 5. a3 Bxc3+ 6. bxc3 c5 7. cxd5 exd5 8.
Bg5 h6 9. Bxf6 Qxf6 10. e3 O-O 11. Bd3 Re8 12. Qd2 Nc6 13. Ne2 Qg5 14. Kf2 c4
15. Bc2 Bf5 16. Bxf5 Qxf5 17. Ng3 Qf6 18. Rhf1 Na5 19. Rae1 Nb3 20. Qc2 Qd6 21.
e4 dxe4 22. fxe4 Qf4+ 23. Kg1 Qd2 24. Qxd2 Nxd2 25. Rf2 Nb3 26. Nf5 Rad8 27. e5
Rd7 28. Re3 h5 29. Nd6 Re6 30. Nxc4 b5 31. Nd6 Na5 32. Ne4 Rg6 33. Nc5 Re7 34.
Ref3 Nc4 35. a4 bxa4 36. Nxa4 Ra6 37. Nc5 Ra1+ 38. Rf1 Ra3 39. Rd1 Rc7 40. h3
a5 41. Ne4 Ra2 42. Nd6 Nxd6 43. exd6 Rd7 44. c4 Rxd6 45. c5 Rd8 46. Rf2 Ra4 47.
Rfd2 Rc4 48. Kf2 f5 49. Ke3 g5 50. Ra1 a4 51. Ra3 Kg7 52. c6 Kf6 {=} 53. d5 Ke5
54. Rad3 g4 55. hxg4 hxg4 56. g3 Ra8 57. Rd4 Rxd4 58. Rxd4 a3 59. Rd1 a2 60. d6
Rd8 61. d7 Kf6 62. Ra1 1-0

[Event "4NCL/Div3/FCA1 vs. SLOS3"]
[Site "Birmingham ENG"]
[Date "2006.01.14"]
[Round "5.6"]
[White "Nelson, Omowale"]
[Black "Freeman, Richard C P"]
[Result "1/2-1/2"]
[WhiteElo "2089"]
[BlackElo "2088"]
[PlyCount "84"]
[EventDate "2006.01.14"]
[EventType "team"]
[EventRounds "11"]
[EventCountry "ENG"]
[SourceDate "2005.10.25"]

1. d4 g6 2. c4 Bg7 3. Nc3 d6 4. e4 Nc6 5. Be3 Nh6 6. Be2 f5 7. h3 O-O 8. d5 f4
9. Bd2 Nd4 10. Nf3 e5 11. dxe6 Nxe6 12. Qc2 Nf7 13. O-O-O c6 14. e5 Nxe5 15.
Ne4 Nxf3 16. Bxf3 Nd4 17. Qd3 Bf5 18. Bc3 Nxf3 19. gxf3 Bxc3 20. Qxc3 Bxe4 21.
fxe4 Qf6 22. Qxf6 Rxf6 23. f3 Kf7 24. Rd4 Re8 25. Rhd1 Ree6 26. b4 g5 27. Rg1
Re5 28. c5 dxc5 29. Rd7+ Re7 30. Rxe7+ Kxe7 31. bxc5 h6 32. h4 Rg6 33. hxg5
hxg5 34. Kd2 Ke6 35. Kd3 Ke5 36. Rh1 Rg7 37. Rh5 Rd7+ 38. Kc3 Kf6 39. Rh6+ Kg7
40. Re6 Kf7 41. Rh6 Kg7 42. Re6 Kf7 1/2-1/2

[Event "4NCL/Div3/FCA1 vs. SLOS3"]
[Site "Birmingham ENG"]
[Date "2006.01.14"]
[Round "5.7"]
[White "Kendall, Paul S N"]
[Black "Varnam, Liam D"]
[Result "1-0"]
[WhiteElo "2078"]
[BlackElo "2066"]
[PlyCount "101"]
[EventDate "2006.01.14"]
[EventType "team"]
[EventRounds "11"]
[EventCountry "ENG"]
[SourceDate "2005.10.25"]

1. e4 e5 2. Nf3 Nc6 3. Bb5 a6 4. Ba4 Nf6 5. d4 b5 6. Bb3 Nxe4 7. O-O d5 8. dxe5
Be6 9. c3 Bc5 10. Nbd2 O-O 11. Qe2 Nxd2 12. Bxd2 Na5 13. Bc2 Nc4 14. Bg5 Be7
15. Bf4 c5 16. a4 b4 17. cxb4 cxb4 18. b3 Na5 19. Rfd1 Nb7 20. Be3 Nc5 21. Rac1
Qa5 22. Nd4 Rac8 23. f4 f5 24. Bd3 Bd7 25. e6 Nxe6 26. Nxe6 Bxe6 27. Bd4 Kf7
28. Bxa6 Rxc1 29. Rxc1 Bd6 30. Rc6 Qd8 31. Bb5 Qe7 32. Qe3 Rb8 33. Qg3 g6 34.
Qh3 h5 35. Qe3 Bd7 36. Rxd6 Qxd6 37. Be5 Re8 38. Qa7 Qe7 39. Qxd7 Qxd7 40. Bxd7
Rd8 41. Bb5 Rc8 42. Kf2 Rc1 43. Bd3 Ke6 44. a5 Rc5 45. a6 Ra5 46. Bb8 Kd7 47.
Ke3 Kc6 48. Kd4 Ra3 49. a7 Ra5 50. Ke5 Kb7 51. Be2 1-0

[Event "4NCL/Div3/FCA1 vs. SLOS3"]
[Site "Birmingham ENG"]
[Date "2006.01.14"]
[Round "5.8"]
[White "Barraclough, Stephanie"]
[Black "Stenning, Marissa"]
[Result "1-0"]
[WhiteElo "1883"]
[BlackElo "1725"]
[PlyCount "79"]
[EventDate "2006.01.14"]
[EventType "team"]
[EventRounds "11"]
[EventCountry "ENG"]
[SourceDate "2005.10.25"]

1. e4 d5 2. e5 c5 3. f4 e6 4. Nf3 Nc6 5. d3 Qc7 6. Nc3 f6 7. Qe2 Be7 8. g3 d4
9. Nd1 Bd7 10. Bd2 Nh6 11. exf6 Bxf6 12. Nf2 Nf7 13. Bg2 O-O 14. Ne4 Be7 15.
O-O e5 16. fxe5 Nfxe5 17. Nxe5 Nxe5 18. Bf4 Rae8 19. Rae1 b6 20. c3 Bf5 21. h3
dxc3 22. bxc3 Bxe4 23. Bxe4 Bd6 24. Bxe5 Bxe5 25. Bd5+ Kh8 26. Rxf8+ Rxf8 27.
Qxe5 Qxe5 28. Rxe5 h6 29. Be4 g5 30. Re7 Rf6 31. Rxa7 Kg8 32. Rc7 Kf8 33. Rc6
Rxc6 34. Bxc6 Ke7 35. Kf2 Kd6 36. Be4 Ke5 37. Ke3 Kd6 38. d4 cxd4+ 39. cxd4 b5
40. Kf3 1-0

[Event "4NCL/Div3/PPA1 vs. SLOS2"]
[Site "Birmingham ENG"]
[Date "2006.01.14"]
[Round "5.1"]
[White "Swanson, Stephen"]
[Black "Taylor, Robert M"]
[Result "1/2-1/2"]
[WhiteElo "2270"]
[BlackElo "2203"]
[PlyCount "44"]
[EventDate "2006.01.14"]
[EventType "team"]
[EventRounds "11"]
[EventCountry "ENG"]
[SourceDate "2005.10.25"]

1. e4 c6 2. d3 d5 3. Nd2 e5 4. Ngf3 Bd6 5. g3 Nf6 6. Bg2 O-O 7. O-O Re8 8. b3
Nbd7 9. Bb2 Nf8 10. h3 Ng6 11. Re1 h6 12. d4 dxe4 13. Nxe5 Nxe5 14. dxe5 Bxe5
15. Bxe5 Rxe5 16. Nxe4 Bf5 17. Nxf6+ Qxf6 18. c3 Rae8 19. Qd2 {=} Qe7 20. Rxe5
Qxe5 21. g4 Be6 22. Re1 Qc5 1/2-1/2

[Event "4NCL/Div3/PPA1 vs. SLOS2"]
[Site "Birmingham ENG"]
[Date "2006.01.14"]
[Round "5.2"]
[White "Williams, Samuel G"]
[Black "Posazhennikov, Alex"]
[Result "1-0"]
[WhiteElo "2227"]
[BlackElo "2235"]
[PlyCount "61"]
[EventDate "2006.01.14"]
[EventType "team"]
[EventRounds "11"]
[EventCountry "ENG"]
[SourceDate "2005.10.25"]

1. d4 d5 2. c4 dxc4 3. Nf3 Nf6 4. e3 e6 5. Bxc4 a6 6. O-O b5 7. Bb3 Bb7 8. Qe2
Nbd7 9. a4 b4 10. a5 Bd6 11. Nbd2 Qe7 12. e4 e5 13. dxe5 Nxe5 14. Nd4 O-O 15.
Nf5 Qd7 16. Rd1 Rfe8 17. Nxd6 cxd6 18. f3 Qc7 19. Nf1 Bc6 20. Be3 Bb5 21. Qd2
Nd3 22. Bb6 Qd7 23. Ne3 Rac8 24. Bd4 Qd8 25. Nf5 d5 26. Qg5 g6 27. Bxf6 Qc7 28.
Qh6 Qc5+ 29. Nd4 Qf8 30. Qxf8+ Kxf8 31. Nxb5 1-0

[Event "4NCL/Div3/PPA1 vs. SLOS2"]
[Site "Birmingham ENG"]
[Date "2006.01.14"]
[Round "5.3"]
[White "Dignam, Matthew"]
[Black "Szczerbak, Jaroslaw"]
[Result "0-1"]
[WhiteElo "2172"]
[BlackElo "2137"]
[PlyCount "112"]
[EventDate "2006.01.14"]
[EventType "team"]
[EventRounds "11"]
[EventCountry "ENG"]
[SourceDate "2005.10.25"]

1. Nf3 c6 2. g3 d5 3. Bg2 Nf6 4. d3 Bg4 5. h3 Bxf3 6. exf3 g6 7. f4 Bg7 8. O-O
Qb6 9. Qe2 Nh5 10. c3 Nxg3 11. Qg4 Nxf1 12. Qc8+ Qd8 13. Qxb7 Qd7 14. Qb3 O-O
15. Qa3 Bh6 16. Bxf1 e5 17. Qa4 Qc7 18. Bg2 Nd7 19. c4 Bxf4 20. Bxf4 exf4 21.
cxd5 cxd5 22. Nc3 Nb6 23. Qd4 Rad8 24. a4 a5 25. Nb5 Qb8 26. b3 Rfe8 27. Rc1
Rd7 28. Bf3 Re6 29. Kg2 f6 30. Rc5 Qe5 31. Qxe5 Rxe5 32. Rc6 Rb7 33. Rxf6 g5
34. Rd6 Kf8 35. Rh6 Nc8 36. Ra6 Ne7 37. Ra8+ Kg7 38. Rxa5 Ng6 39. Bg4 Re1 40.
Nd4 Nh4+ 41. Kh2 Rf1 42. Rxd5 Rxf2+ 43. Kg1 Rg2+ 44. Kf1 Kf6 45. Bf3 Nxf3 46.
Kxg2 Nxd4 47. Rxd4 Rxb3 48. Rd5 Rb2+ 49. Kg1 Kg6 50. a5 Kh5 51. Rd7 h6 52. Rd6
Kh4 53. Rxh6+ Kg3 54. Kf1 f3 55. Rb6 Ra2 56. Rb1 Rh2 0-1

[Event "4NCL/Div3/PPA1 vs. SLOS2"]
[Site "Birmingham ENG"]
[Date "2006.01.14"]
[Round "5.4"]
[White "Kahar, Krunal"]
[Black "Morgan, Ben"]
[Result "1/2-1/2"]
[WhiteElo "2209"]
[BlackElo "2250"]
[PlyCount "126"]
[EventDate "2006.01.14"]
[EventType "team"]
[EventRounds "11"]
[EventCountry "ENG"]
[SourceDate "2005.10.25"]

1. Nf3 d5 2. b3 c5 3. e3 Nf6 4. Bb2 g6 5. Be2 Bg7 6. O-O O-O 7. c4 d4 8. exd4
Nh5 9. Ne5 cxd4 10. Bxh5 Bxe5 11. Bf3 Nc6 12. Re1 Bg7 13. g3 Ne5 14. d3 Nxf3+
15. Qxf3 Qc7 16. Nd2 Bf5 17. Ne4 Rad8 18. Rad1 h6 19. Bc1 {=} Bd7 20. g4 Qc8
21. h3 Bc6 22. Qg3 b6 23. f4 f5 24. Nf2 e6 25. Re2 Kf7 26. Rde1 Rfe8 27. h4 Qc7
28. Nh3 fxg4 29. Qxg4 Qd7 30. Nf2 h5 31. Qg3 Bf6 32. Nh3 Bb7 33. Ng5+ Bxg5 34.
fxg5 Qc6 35. Bf4 e5 36. Bxe5 Kg8 37. Bf6 Rxe2 38. Rxe2 Re8 39. Rxe8+ Qxe8 40.
Qe5 Qc6 41. Kf2 Qd7 42. Qxd4 Qf5+ 43. Ke1 Kf7 44. b4 Bg2 45. Kd2 Bf1 46. Qe3
Qd7 47. Qf3 Bh3 48. Kc3 Be6 49. Be5+ Bf5 50. d4 a6 51. Qa8 Qa4 52. Qb7+ Ke8 53.
Qb8+ Ke7 54. Qd6+ Ke8 55. Qb8+ Kd7 56. Qb7+ Ke8 57. Qa8+ Kd7 58. Qd5+ Ke8 59.
Qg8+ Kd7 60. Qf7+ Kd8 61. Bf6+ Kc8 62. Qf8+ Kb7 63. Qe7+ Kc8 1/2-1/2

[Event "4NCL/Div3/PPA1 vs. SLOS2"]
[Site "Birmingham ENG"]
[Date "2006.01.14"]
[Round "5.5"]
[White "Toothill, John"]
[Black "Rudolf, Anna"]
[Result "0-1"]
[WhiteElo "2174"]
[BlackElo "2202"]
[PlyCount "64"]
[EventDate "2006.01.14"]
[EventType "team"]
[EventRounds "11"]
[EventCountry "ENG"]
[SourceDate "2005.10.25"]

1. e4 e6 2. d4 d5 3. exd5 exd5 4. Bd3 Nc6 5. c3 Bd6 6. Nf3 Nge7 7. Bg5 Bg4 8.
Nbd2 Qd7 9. Nf1 f6 10. Bd2 O-O-O 11. Ne3 Bh5 12. Qc2 Kb8 13. O-O-O Bg6 14. Rde1
Bf4 15. g3 Bxe3 16. fxe3 Bxd3 17. Qxd3 f5 18. c4 dxc4 19. Qxc4 Qd5 20. Qxd5
Rxd5 21. Bc3 Nc8 22. e4 fxe4 23. Rxe4 {=} Nd6 24. Rg4 Nf5 25. Re1 Rhd8 26. Rd1
Ne3 27. Rxg7 Nxd1 28. Kxd1 Nxd4 29. Bxd4 c5 30. Rxh7 Rf8 31. Ke2 cxd4 32. Re7
d3+ 0-1

[Event "4NCL/Div3/PPA1 vs. SLOS2"]
[Site "Birmingham ENG"]
[Date "2006.01.14"]
[Round "5.6"]
[White "Muter, Donny"]
[Black "Rosen, Daniel B"]
[Result "1/2-1/2"]
[WhiteElo "2085"]
[BlackElo "2144"]
[PlyCount "33"]
[EventDate "2006.01.14"]
[EventType "team"]
[EventRounds "11"]
[EventCountry "ENG"]
[SourceDate "2005.10.25"]

1. d4 f5 2. Nf3 Nf6 3. c4 e6 4. g3 Be7 5. Bg2 O-O 6. O-O d5 7. b3 c6 8. Ba3 Bd7
9. Ne5 Be8 10. Bxe7 Qxe7 11. Nd2 Bh5 12. Ndf3 Bxf3 13. Bxf3 Nbd7 14. Nd3 Rad8
15. Qc2 Ne4 16. Bg2 Qf6 17. e3 1/2-1/2

[Event "4NCL/Div3/PPA1 vs. SLOS2"]
[Site "Birmingham ENG"]
[Date "2006.01.14"]
[Round "5.7"]
[White "Goodger, Martyn"]
[Black "Kafka, Graeme"]
[Result "1/2-1/2"]
[WhiteElo "2135"]
[BlackElo "2135"]
[PlyCount "54"]
[EventDate "2006.01.14"]
[EventType "team"]
[EventRounds "11"]
[EventCountry "ENG"]
[SourceDate "2005.10.25"]

1. e4 c5 2. c3 d5 3. exd5 Qxd5 4. d4 Nf6 5. Nf3 e6 6. Be3 cxd4 7. cxd4 Bb4+ 8.
Nc3 O-O 9. Bd3 b6 10. O-O Bxc3 11. bxc3 Ba6 12. Bxa6 Nxa6 13. Qa4 Qb7 14. c4
Rac8 15. Rac1 Nb8 16. Rfd1 Rfd8 17. Bg5 Nbd7 18. Qb4 h6 19. Bh4 Qa6 20. a4 g5
21. Bg3 Ne4 22. Qb5 Qxb5 23. axb5 g4 24. Ne1 Nxg3 25. hxg3 Nf6 26. f3 Rd7 27.
Rc2 Rcd8 1/2-1/2

[Event "4NCL/Div3/PPA1 vs. SLOS2"]
[Site "Birmingham ENG"]
[Date "2006.01.14"]
[Round "5.8"]
[White "McCarthy, Kevin"]
[Black "Sirisena, Anuk"]
[Result "1-0"]
[WhiteElo "2060"]
[BlackElo "1860"]
[PlyCount "47"]
[EventDate "2006.01.14"]
[EventType "team"]
[EventRounds "11"]
[EventCountry "ENG"]
[SourceDate "2005.10.25"]

1. d4 d5 2. e4 dxe4 3. Nc3 Nf6 4. f3 exf3 5. Nxf3 Bg4 6. Bc4 e6 7. O-O Bd6 8.
Bg5 h6 9. Be3 Nbd7 10. Qd2 g5 11. Rae1 Bxf3 12. Rxf3 g4 13. Rff1 Nh5 14. g3 Nb6
15. Bb3 Qd7 16. d5 O-O-O 17. dxe6 Qc6 18. Qf2 Nxg3 19. hxg3 h5 20. Qg2 Qe8 21.
exf7 Qf8 22. Ne4 h4 23. Be6+ Kb8 24. Bxg4 1-0

[Event "4NCL/Div3/WES2 vs. HKF2"]
[Site "Birmingham ENG"]
[Date "2006.01.14"]
[Round "5.1"]
[White "Pym, Thomas W"]
[Black "Ghasi, Ameet"]
[Result "0-1"]
[WhiteElo "2073"]
[BlackElo "2341"]
[PlyCount "38"]
[EventDate "2006.01.14"]
[EventType "team"]
[EventRounds "11"]
[EventCountry "ENG"]
[SourceDate "2005.10.25"]

1. e4 c5 2. Nf3 Nc6 3. d4 cxd4 4. Nxd4 Nf6 5. Nc3 e6 6. Ndb5 Bb4 7. a3 Bxc3+ 8.
Nxc3 d5 9. exd5 exd5 10. Bd3 O-O 11. O-O d4 12. Ne2 Bg4 13. f3 Bh5 14. Bg5 Qd6
15. Bh4 Bg6 16. Bf2 Rfd8 17. Bxg6 hxg6 18. Qd3 Nd7 19. Bxd4 Nc5 0-1